Actividades de ciencias sociales y lengua us ndo internet /

Guardado en:
Autor Principal: Spiegel, alejandro
Otros Autores: Bajarlía, Gabriel E.
Formato: Libro
Publicado: Buenos Aires : Novedades educativas, 2011
Materias:
Etiquetas: Agregar Etiqueta
Sin Etiquetas, Sea el primero en etiquetar este registro!
LEADER 00735nam a22002175a 4500
001 EHU.bham045005
003 AR-BHAM
005 20180301124446.0
008 130507s2011##################000#0#####d
020 |a 9875380474 
082 3 7 |a 371.33 
100 1 |a Spiegel, alejandro 
245 1 0 |a Actividades de ciencias sociales y lengua us ndo internet /  |c  Alejandro Spiegel, Gabriel E. Bajarlía 
260 |a Buenos Aires :  |b Novedades educativas,  |c 2011 
300 |a 160 p. 
653 |a Ciencias sociales-enseñanza de las 
653 |a Internet y educación 
653 |a Información-ciencias de la 
653 |a Tecnología y educación 
700 1 |a Bajarlía, Gabriel E. 
859 |a AR-BHAM  |b BIB. HUMANIDADES - General  |h 371.33  |i Sp34  |p 413.17  |t Ej.1